[Event "N�-LL 2005/06"]
[Site "?"]
[Date "2006.03.05"]
[Round "11"]
[White "Rumpl, Erwin"]
[Black "Lovrinovic, Christian"]
[Result "1-0"]
[WhiteElo "2290"]
[BlackElo "2155"]
[Annotator "B�hlerwerk : Amstetten"]
[PlyCount "71"]
[EventDate "2005.09.27"]
[SourceDate "2006.03.08"]

1. Nf3 Nf6 2. g3 g6 3. b3 Bg7 4. Bb2 b6 5. Bg2 Bb7 6. O-O O-O 7. c4 c5 8. Nc3
e6 9. Qc1 a6 10. Rd1 Qc7 11. e3 d6 12. d4 Nbd7 13. d5 e5 14. Qc2 Rae8 15. Nd2
h6 16. Rf1 Bc8 17. Rae1 Nh7 18. e4 Qd8 19. Nd1 b5 20. Ne3 Ndf6 21. Qd3 b4 22.
a3 a5 23. Ra1 Ng4 24. Nxg4 Bxg4 25. axb4 axb4 26. f3 Bc8 27. Ra7 h5 28. f4 Qb6
29. Rfa1 Bb7 30. Nf3 f6 31. Nh4 g5 32. Ng6 Rf7 33. f5 Nf8 34. Qd1 Rb8 35. Qxh5
Bxd5 36. R7a6 1-0

[Event "N�-LL 2005/06"]
[Site "?"]
[Date "2006.03.05"]
[Round "11"]
[White "Loidl, Florian"]
[Black "Wadsack, Wilfgang"]
[Result "1/2-1/2"]
[WhiteElo "2132"]
[BlackElo "2219"]
[Annotator "B�hlerwerk : Amstetten"]
[PlyCount "98"]
[EventDate "2005.09.27"]
[SourceDate "2006.03.08"]

1. e4 d5 2. exd5 Nf6 3. c4 c6 4. d4 cxd5 5. Nc3 Nc6 6. Nf3 Bg4 7. cxd5 Nxd5 8.
Qb3 Bxf3 9. gxf3 Nb6 10. d5 Nd4 11. Qd1 e5 12. dxe6 Qf6 13. Bb5+ Nxb5 14. exf7+
Qxf7 15. Qe2+ Qe7 16. Nxb5 Kf7 17. Be3 Qb4+ 18. Nc3 Re8 19. O-O-O Bc5 20. Qd3
Bxe3+ 21. fxe3 Qc5 22. Rhe1 Rd8 23. Qxd8 Rxd8 24. Rxd8 Qh5 25. Rd4 Qxh2 26. Re2
Qg1+ 27. Kc2 h5 28. a4 Qg6+ 29. Kd2 Qc6 30. b3 Nd7 31. f4 Nc5 32. Kc2 h4 33. f5
h3 34. e4 Qb6 35. Nb5 Nxb3 36. Kxb3 a6 37. Rd6 Qg1 38. Rdd2 axb5 39. axb5 Qb1+
40. Ka4 b6 41. e5 Ke7 42. Rc2 Qd1 43. e6 Qd4+ 44. Kb3 Qd3+ 45. Kb4 Qxf5 46.
Rc7+ Ke8 47. Rc8+ Ke7 48. Rc7+ Ke8 49. Rc8+ Ke7 1/2-1/2

[Event "N�-LL 2005/06"]
[Site "?"]
[Date "2006.03.05"]
[Round "11"]
[White "Gugler, Edgar"]
[Black "Neumann, Christian"]
[Result "1/2-1/2"]
[WhiteElo "2166"]
[BlackElo "1999"]
[Annotator "B�hlerwerk : Amstetten"]
[PlyCount "47"]
[EventDate "2005.09.27"]
[SourceDate "2006.03.08"]

1. d4 Nf6 2. Bf4 e6 3. e3 b6 4. Nf3 Bb7 5. Nbd2 d5 6. Bd3 Bd6 7. Ne5 a6 8. Qf3
Nbd7 9. g4 Qe7 10. O-O-O O-O-O 11. g5 Ne8 12. Qe2 Nb8 13. h4 f6 14. Ng4 e5 15.
gxf6 gxf6 16. dxe5 Bxe5 17. Nxe5 fxe5 18. Bg5 Nf6 19. e4 h6 20. Bxf6 Qxf6 21.
exd5 Rxd5 22. Qg4+ Nd7 23. Bf5 Rf8 24. Be4 1/2-1/2

[Event "N�-LL 2005/06"]
[Site "?"]
[Date "2006.03.05"]
[Round "11"]
[White "Strobel, Ferdinand"]
[Black "Wadsack, Winfried"]
[Result "1-0"]
[WhiteElo "2004"]
[BlackElo "2119"]
[Annotator "B�hlerwerk : Amstetten"]
[PlyCount "69"]
[EventDate "2005.09.27"]
[SourceDate "2006.03.08"]

1. f4 d5 2. Nf3 Nf6 3. g3 c6 4. Bg2 Qb6 5. c3 Bf5 6. Qb3 Nbd7 7. d3 e6 8. Nd4
Bg6 9. Be3 Ng4 10. Bg1 Qc7 11. Nd2 e5 12. f5 exd4 13. fxg6 hxg6 14. cxd4 Be7
15. Bf3 Nh6 16. e4 Nb6 17. Be3 Rd8 18. O-O Qd7 19. Qd1 Bf6 20. e5 Be7 21. Bxh6
gxh6 22. Bg4 Qc7 23. Qf3 O-O 24. Rac1 Bg5 25. Rc2 Qe7 26. h4 Bxd2 27. Rxd2 Nd7
28. Qe3 Kg7 29. Rdf2 b6 30. Bxd7 Rxd7 31. Rf6 c5 32. e6 Rd6 33. Qe5 Kg8 34.
exf7+ Rxf7 35. Rxf7 1-0

[Event "N�-LL 2005/06"]
[Site "?"]
[Date "2006.03.05"]
[Round "11"]
[White "Lehner, Oliver"]
[Black "Gr�tz, Harald"]
[Result "1/2-1/2"]
[WhiteElo "2415"]
[BlackElo "2296"]
[Annotator "Stockerau : St.P�lten"]
[PlyCount "59"]
[EventDate "2005.09.27"]
[SourceDate "2006.03.08"]

1. e4 c5 2. Nf3 d6 3. Nc3 Nc6 4. d4 cxd4 5. Nxd4 Nf6 6. Be2 e5 7. Nf3 h6 8. O-O
Be7 9. Re1 O-O 10. h3 Be6 11. Bf1 Nb8 12. b3 Nbd7 13. Bb2 a6 14. a4 Rc8 15. a5
Qc7 16. Nd2 d5 17. exd5 Nxd5 18. Nxd5 Bxd5 19. Bc4 Bc6 20. Qh5 Bb4 21. Re2 Bxa5
22. Nf1 Nf6 23. Qxe5 Qxe5 24. Bxe5 Bd8 25. Ng3 g6 26. Rd1 b5 27. Bd3 Re8 28. c4
Nd7 29. Bf4 Nc5 30. cxb5 1/2-1/2

[Event "N�-LL 2005/06"]
[Site "?"]
[Date "2006.03.05"]
[Round "11"]
[White "Hangweyrer, Manfred"]
[Black "Ganaus, Hannes"]
[Result "1/2-1/2"]
[WhiteElo "2327"]
[BlackElo "2368"]
[Annotator "Stockerau : St.P�lten"]
[PlyCount "32"]
[EventDate "2005.09.27"]
[SourceDate "2006.03.08"]

1. e4 c6 2. d3 d5 3. Nd2 e5 4. Ngf3 Bd6 5. Qe2 Nf6 6. d4 Nxe4 7. dxe5 Bb4 8. c3
Nxd2 9. Bxd2 Be7 10. Qe3 Qb6 11. Qxb6 axb6 12. Be2 Nd7 13. O-O O-O 14. Rfe1 Re8
15. Bf4 Nc5 16. Nd4 Ne6 1/2-1/2

[Event "N�-LL 2005/06"]
[Site "?"]
[Date "2006.03.05"]
[Round "11"]
[White "Denk, Adolf"]
[Black "Schmid, Thomas"]
[Result "0-1"]
[WhiteElo "2255"]
[BlackElo "2085"]
[Annotator "Stockerau : St.P�lten"]
[PlyCount "64"]
[EventDate "2005.09.27"]
[SourceDate "2006.03.08"]

1. c4 Nf6 2. Nc3 g6 3. g3 Bg7 4. Bg2 O-O 5. Nf3 d6 6. O-O e5 7. d3 Nc6 8. Rb1
a5 9. a3 h6 10. h3 Be6 11. e4 Nd7 12. Nd5 a4 13. Nh2 Nd4 14. f4 c6 15. Nc3 Nc5
16. Rf2 f5 17. Qf1 Qd7 18. exf5 Nxf5 19. g4 Nh4 20. Qe2 Nxg2 21. Kxg2 Rae8 22.
Qc2 h5 23. Be3 hxg4 24. hxg4 Bxg4 25. fxe5 Rxf2+ 26. Bxf2 Bf5 27. Rd1 Bxe5 28.
Nxa4 Nxa4 29. Qxa4 Qh7 30. Rh1 Qh3+ 31. Kg1 Bd4 32. Qd1 Qg3+ 0-1

[Event "N�-LL 2005/06"]
[Site "?"]
[Date "2006.03.05"]
[Round "11"]
[White "Batyte, Daiva"]
[Black "Pernerstorfer, Johannes"]
[Result "1-0"]
[WhiteElo "2180"]
[BlackElo "2073"]
[Annotator "Stockerau : St.P�lten"]
[PlyCount "111"]
[EventDate "2005.09.27"]
[SourceDate "2006.03.08"]

1. e4 c5 2. Nf3 d6 3. c3 Nf6 4. Bc4 e6 5. Qe2 Be7 6. d4 cxd4 7. cxd4 O-O 8. Bd3
e5 9. O-O Bg4 10. d5 Nbd7 11. Be3 a6 12. h3 Bxf3 13. Qxf3 Rc8 14. a4 Nc5 15.
Bc2 Ne8 16. b4 Ne6 17. Bd3 Ng5 18. Qe2 h6 19. Nd2 Nh7 20. Nc4 Bg5 21. Bb6 Qd7
22. a5 g6 23. Ba7 Qe7 24. Ra2 f5 25. exf5 gxf5 26. f4 exf4 27. Qxe7 Bxe7 28.
Rxf4 Ng7 29. Bd4 Nh5 30. Rf1 Ng5 31. Nb6 Rc7 32. Rxf5 Rc1+ 33. Kf2 Nf6 34. Ke2
Rc7 35. Rc2 Rxc2+ 36. Bxc2 Bd8 37. Nc4 Be7 38. Bxf6 Bxf6 39. Nxd6 Bc3 40. Rxf8+
Kxf8 41. Nxb7 Bxb4 42. Bg6 Ke7 43. h4 Nf7 44. Bxf7 Kxf7 45. h5 Ke7 46. Kd3 Kd7
47. Kc4 Bd2 48. Nc5+ Kd6 49. g4 Ke7 50. Nxa6 Bxa5 51. Kb5 Bc3 52. Kc6 Kf6 53.
Nc5 Ke5 54. Ne6 Bb4 55. g5 hxg5 56. h6 1-0

[Event "N�-LL 2005/06"]
[Site "?"]
[Date "2006.03.05"]
[Round "11"]
[White "Mahdy, Khaled"]
[Black "Knoll, Hermann"]
[Result "1/2-1/2"]
[WhiteElo "2337"]
[BlackElo "2344"]
[Annotator "P�chlarn : Waidhofen"]
[PlyCount "98"]
[EventDate "2005.09.27"]
[SourceDate "2006.03.08"]

1. e4 c5 2. Nf3 d6 3. c3 Nf6 4. Bd3 Nc6 5. Bc2 Bg4 6. h3 Bxf3 7. Qxf3 g6 8. O-O
Bg7 9. Qd1 Nd7 10. d3 O-O 11. Nd2 b5 12. Nf3 Rc8 13. Be3 a5 14. d4 cxd4 15.
Nxd4 Nxd4 16. cxd4 Qb6 17. Qd3 a4 18. b3 a3 19. b4 Rc4 20. Bb3 Rxb4 21. Rfd1
Rc8 22. Rab1 d5 23. exd5 Qd6 24. Rbc1 Rxc1 25. Rxc1 Nb6 26. Rc6 Qd8 27. Qc3 Rc4
28. Bxc4 Nxc4 29. Rc5 Qd7 30. Qb3 Nxe3 31. fxe3 Bh6 32. e4 Bg7 33. Qb4 h5 34.
Kf1 e6 35. d6 Qd8 36. e5 Qa8 37. Qd2 Kh7 38. Rc7 b4 39. Qf2 Qe4 40. d7 Qb1+ 41.
Qe1 Qd3+ 42. Kf2 Qxd4+ 43. Qe3 Qd5 44. Qf4 Qxa2+ 45. Kg1 Qd5 46. Qxf7 Qd4+ 47.
Kf1 Qd1+ 48. Kf2 Qd4+ 49. Kf1 Qa1+ 1/2-1/2

[Event "N�-LL 2005/06"]
[Site "?"]
[Date "2006.03.05"]
[Round "11"]
[White "Weiss, Christian"]
[Black "Kropik, Martin"]
[Result "1-0"]
[WhiteElo "2397"]
[BlackElo "2112"]
[Annotator "P�chlarn : Waidhofen"]
[PlyCount "65"]
[EventDate "2005.09.27"]
[SourceDate "2006.03.08"]

1. d4 Nf6 2. Nf3 g6 3. c4 Bg7 4. Nc3 d5 5. e3 O-O 6. cxd5 Nxd5 7. Bc4 Nxc3 8.
bxc3 c5 9. O-O Nc6 10. Ba3 b6 11. dxc5 Bxc3 12. Rc1 Bf6 13. Qa4 Bb7 14. Bb5 Qc7
15. cxb6 axb6 16. Qb3 Rfc8 17. Rfd1 Qb8 18. Nd2 Qa7 19. Nb1 Qa5 20. h3 Nd8 21.
Bf1 Rxc1 22. Rxc1 Ne6 23. f4 Be4 24. Bd3 Bxd3 25. Qxd3 Rd8 26. Qb3 Ng7 27. Bb4
Qh5 28. Nc3 Ne6 29. Ne4 Qe2 30. Re1 Qb5 31. Bxe7 Qxb3 32. Nxf6+ Kh8 33. axb3
1-0

[Event "N�-LL 2005/06"]
[Site "?"]
[Date "2006.03.05"]
[Round "11"]
[White "Rosenauer, Harald"]
[Black "Weinzettl, Ernst"]
[Result "0-1"]
[WhiteElo "1956"]
[BlackElo "2325"]
[Annotator "P�chlarn : Waidhofen"]
[PlyCount "56"]
[EventDate "2005.09.27"]
[SourceDate "2006.03.08"]

1. Nf3 d5 2. c4 d4 3. g3 f6 4. Bg2 e5 5. d3 Ne7 6. b4 a5 7. b5 Nf5 8. a4 Bb4+
9. Nfd2 Nd7 10. O-O O-O 11. Ne4 Nd6 12. Nxd6 Bxd6 13. e3 dxe3 14. fxe3 Nb6 15.
d4 Bb4 16. c5 Nd5 17. dxe5 c6 18. bxc6 bxc6 19. exf6 Be6 20. fxg7 Rxf1+ 21.
Qxf1 Bxc5 22. Bxd5 Qxd5 23. Na3 Rd8 24. Rb1 Qa2 25. Rb2 Qxa3 26. Rb8 Bxe3+ 27.
Kg2 Qa2+ 28. Rb2 Qd5+ 0-1

[Event "N�-LL 2005/06"]
[Site "?"]
[Date "2006.03.05"]
[Round "11"]
[White "Steinm�ller, G�nther"]
[Black "Wagner, Stefan"]
[Result "1-0"]
[WhiteElo "2047"]
[BlackElo "1915"]
[Annotator "P�chlarn : Waidhofen"]
[PlyCount "47"]
[EventDate "2005.09.27"]
[SourceDate "2006.03.08"]

1. d4 Nf6 2. Nf3 e6 3. g3 b6 4. Bg2 Bb7 5. O-O Be7 6. c4 O-O 7. Nc3 Ne4 8. Qc2
Nxc3 9. Qxc3 c5 10. dxc5 bxc5 11. Rd1 f5 12. Bf4 d6 13. Qe3 Qd7 14. Rd2 Na6 15.
Rad1 Rad8 16. Bxd6 Bxd6 17. Ne5 f4 18. gxf4 Qc7 19. Bxb7 Qxb7 20. Rxd6 Rde8 21.
Rd7 Qb6 22. Qg3 g6 23. Nxg6 Rf7 24. Ne5+ 1-0

[Event "N�-LL 2005/06"]
[Site "?"]
[Date "2006.04.02"]
[Round "12"]
[White "Svanda, Pavel"]
[Black "Degen, Gerhard"]
[Result "1/2-1/2"]
[WhiteElo "2239"]
[BlackElo "2117"]
[Annotator "Ternitz/Gloggnitz : Waidhofen"]
[PlyCount "84"]
[EventDate "2005.09.27"]
[SourceDate "2006.04.05"]

1. e4 c6 2. d4 d5 3. exd5 cxd5 4. Bd3 Nc6 5. c3 Nf6 6. Ne2 Bg4 7. Qb3 Qd7 8.
Ng3 e6 9. Bg5 Be7 10. f3 Bf5 11. Nxf5 exf5 12. Qc2 g6 13. O-O O-O 14. a4 Nh5
15. Bh6 Rfe8 16. Nd2 Rac8 17. Bb5 a6 18. Bxc6 Rxc6 19. f4 Re6 20. Nf3 f6 21.
Rae1 Bd6 22. Rxe6 Rxe6 23. g3 Bf8 24. Bxf8 Kxf8 25. c4 dxc4 26. Qxc4 Rc6 27.
Qb4+ Qe7 28. Qb3 Ng7 29. Re1 Qd7 30. Qb4+ Kf7 31. Qb3+ Kf8 32. Kg2 Rd6 33. Qb4
Kf7 34. Qc4+ Ne6 35. Rd1 Kg7 36. Rd2 Nc7 37. Re2 Nd5 38. a5 Rc6 39. Qb3 Rc1 40.
Re1 Rc7 41. Kf2 Qc6 42. Re2 Qd6 1/2-1/2

[Event "N�-LL 2005/06"]
[Site "?"]
[Date "2006.04.02"]
[Round "12"]
[White "Weinwurm, Wolfgang"]
[Black "Mahdy, Khaled"]
[Result "0-1"]
[WhiteElo "2091"]
[BlackElo "2337"]
[Annotator "Ternitz/Gloggnitz : Waidhofen"]
[PlyCount "72"]
[EventDate "2005.09.27"]
[SourceDate "2006.04.05"]

1. e4 e5 2. f4 exf4 3. Bc4 d5 4. Bxd5 Nf6 5. Nc3 Nxd5 6. Nxd5 Bd6 7. d4 Qh4+ 8.
Kf1 c6 9. Nf3 Qh6 10. Nc3 O-O 11. Ne2 f6 12. g3 Bg4 13. Bxf4 Qh5 14. Neg1 Bxf4
15. gxf4 Nd7 16. Qd3 Rac8 17. Kf2 Nb6 18. c4 Kh8 19. c5 f5 20. e5 Nd5 21. Ne2
Qh6 22. h3 Bh5 23. Qd2 Bxf3 24. Kxf3 Qh5+ 25. Kg3 g5 26. fxg5 f4+ 27. Kh2 Qh4
28. Raf1 Rf5 29. Rf3 Rxg5 30. Qe1 Rcg8 31. Qf1 Ne3 32. Rxe3 fxe3 33. Qf6+ R5g7
34. Rg1 Qxf6 35. exf6 Rxg1 36. Nxg1 Rf8 0-1

[Event "N�-LL 2005/06"]
[Site "?"]
[Date "2006.04.02"]
[Round "12"]
[White "Kropik, Martin"]
[Black "Braun, Karl Heinz"]
[Result "1-0"]
[WhiteElo "2112"]
[BlackElo "2103"]
[Annotator "Ternitz/Gloggnitz : Waidhofen"]
[PlyCount "109"]
[EventDate "2005.09.27"]
[SourceDate "2006.04.05"]

1. d4 d5 2. c4 c6 3. Nc3 Nf6 4. Bg5 e6 5. cxd5 exd5 6. Qc2 Be7 7. e3 Nbd7 8.
Bd3 O-O 9. Nge2 Re8 10. f3 Qa5 11. O-O h6 12. Bh4 c5 13. Rad1 a6 14. Bf2 cxd4
15. exd4 b5 16. Nf4 Bb7 17. a3 Bd6 18. Bg3 Qb6 19. Kh1 Rac8 20. Qd2 Re7 21. Bb1
Rce8 22. Ba2 Bxf4 23. Bxf4 a5 24. b4 Rc8 25. Qd3 axb4 26. axb4 Ra8 27. Bb3 Bc6
28. Bd6 Re6 29. Bc5 Qb7 30. Ra1 Ree8 31. Kg1 Nxc5 32. dxc5 Qd7 33. Rxa8 Rxa8
34. Ne2 g6 35. Nd4 Kg7 36. Re1 Re8 37. Rxe8 Qxe8 38. Kf2 Qd7 39. Qe2 Qb7 40.
Bc2 Bd7 41. Bd3 Qb8 42. g3 h5 43. Bxb5 Bxb5 44. Qxb5 Qe5 45. Qd3 h4 46. Qe3 Qb8
47. b5 hxg3+ 48. hxg3 Nh5 49. f4 Nf6 50. Qe7 Ne4+ 51. Kg2 Qc8 52. c6 Qg4 53.
Ne6+ Qxe6 54. Qxe6 fxe6 55. c7 1-0

[Event "N�-LL 2005/06"]
[Site "?"]
[Date "2006.04.02"]
[Round "12"]
[White "Schandl, Johann"]
[Black "Wagner, Stefan"]
[Result "0-1"]
[WhiteElo "1952"]
[BlackElo "1915"]
[Annotator "Ternitz/Gloggnitz : Waidhofen"]
[PlyCount "90"]
[EventDate "2005.09.27"]
[SourceDate "2006.04.05"]

1. e4 d5 2. exd5 Qxd5 3. Nc3 Qa5 4. d4 Nf6 5. Nf3 Bg4 6. Bc4 e6 7. O-O c6 8. h3
Bf5 9. a4 Nbd7 10. Re1 Bd6 11. Bd2 Qc7 12. d5 cxd5 13. Nd4 Qxc4 14. Nxf5 Bf8
15. Bg5 O-O-O 16. Ng3 h6 17. Bd2 Bd6 18. Qf3 Ne5 19. Qd1 Nc6 20. Nf1 Qh4 21.
Qf3 Ne5 22. Qe2 Nc4 23. Bc1 g5 24. b3 Bb4 25. Qd3 Nd6 26. Re2 Nfe4 27. Nxe4
Nxe4 28. Bb2 Rhg8 29. f3 Ng3 30. Nxg3 Qxg3 31. Be5 Qh4 32. Kh2 Bd6 33. Qc3+ Kb8
34. Bxd6+ Rxd6 35. Rd1 Qf4+ 36. g3 Qf5 37. Qc5 Rc6 38. Qf2 Rgc8 39. Rdd2 Rc3
40. Kg2 Qf6 41. a5 h5 42. Re3 h4 43. Rxc3 Rxc3 44. g4 Qf4 45. Re2 e5 0-1

[Event "N�-LL 2005/06"]
[Site "?"]
[Date "2006.04.02"]
[Round "12"]
[White "Knoll, Hermann"]
[Black "Denk, Adolf"]
[Result "1/2-1/2"]
[WhiteElo "2344"]
[BlackElo "2255"]
[Annotator "St.P�lten : P�chlarn"]
[PlyCount "180"]
[EventDate "2005.09.27"]
[SourceDate "2006.04.05"]

1. e4 c5 2. Nf3 e6 3. d4 cxd4 4. Nxd4 a6 5. Bd3 Qc7 6. O-O Nf6 7. Nc3 Be7 8.
Qe2 d6 9. a4 b6 10. f4 Nbd7 11. Bd2 Bb7 12. Kh1 O-O 13. Rae1 Rfd8 14. Nb3 Nc5
15. Nxc5 dxc5 16. e5 Nd5 17. f5 exf5 18. Rxf5 g6 19. Rff1 Rac8 20. e6 f6 21.
Bc4 Nb4 22. Bf4 Qc6 23. b3 Rd4 24. Rd1 Rcd8 25. Be3 Rxd1 26. Rxd1 Rxd1+ 27.
Nxd1 Qe4 28. Nc3 Qxc2 29. Qxc2 Nxc2 30. Bf4 Kf8 31. Nd5 g5 32. Nxe7 Kxe7 33.
Bc7 Ne3 34. Bxb6 Bxg2+ 35. Kg1 Nxc4 36. bxc4 Bc6 37. Bxc5+ Kxe6 38. a5 f5 39.
Kf2 f4 40. Bb6 Kf5 41. Bd8 h5 42. Be7 h4 43. Bd8 h3 44. Bc7 g4 45. Kg1 Bf3 46.
Bb8 Ke4 47. Bc7 Be2 48. Bb8 Bxc4 49. Bc7 Kf3 50. Bd6 Be6 51. Bc7 g3 52. Bb8
gxh2+ 53. Kxh2 Ke3 54. Kg1 f3 55. Ba7+ Ke2 56. Bb6 f2+ 57. Bxf2 h2+ 58. Kxh2
Kxf2 59. Kh1 Kf3 60. Kg1 Bc4 61. Kh2 Bf1 62. Kg1 Ke2 63. Kh2 Kf2 64. Kh1 Bg2+
65. Kh2 Bd5 66. Kh3 Kf3 67. Kh2 Bc4 68. Kh3 Bd3 69. Kh2 Bf5 70. Kg1 Ke2 71. Kg2
Be4+ 72. Kg3 Ke3 73. Kg4 Bh7 74. Kg3 Bf5 75. Kg2 Bg4 76. Kf1 Kd3 77. Ke1 Bh5
78. Kf2 Kd2 79. Kf1 Kd3 80. Ke1 Kc3 81. Kf2 Kb4 82. Ke1 Kxa5 83. Kd2 Ka4 84.
Kc2 Ka3 85. Kb1 a5 86. Ka1 a4 87. Kb1 Kb3 88. Ka1 a3 89. Kb1 Bd1 90. Ka1 a2
1/2-1/2

[Event "N�-LL 2005/06"]
[Site "?"]
[Date "2006.04.02"]
[Round "12"]
[White "R�hrl, Karl"]
[Black "Porod, Robert"]
[Result "1-0"]
[WhiteElo "2223"]
[BlackElo "2032"]
[Annotator "St.P�lten : P�chlarn"]
[PlyCount "109"]
[EventDate "2005.09.27"]
[SourceDate "2006.04.05"]

1. c4 c5 2. Nc3 Nc6 3. g3 Nf6 4. Bg2 g6 5. Nf3 Bg7 6. O-O O-O 7. d4 cxd4 8.
Nxd4 Nxd4 9. Qxd4 d6 10. Qd2 a6 11. b3 Rb8 12. Bb2 b5 13. cxb5 axb5 14. Rfc1
Bb7 15. Bxb7 Rxb7 16. Nd5 Ne4 17. Qc2 Bxb2 18. Qxb2 e6 19. Nb4 Qb6 20. e3 Nc5
21. Qd4 Ra8 22. Rc3 Rc8 23. Rd1 Qa5 24. Qh4 d5 25. Rdc1 Rbc7 26. Nd3 Nb7 27. b4
Qb6 28. Qf6 Rxc3 29. Rxc3 Qd8 30. Qxd8+ Rxd8 31. Rc7 Nd6 32. Ra7 d4 33. exd4
Nf5 34. Ne5 Rxd4 35. Nxf7 Rxb4 36. Ng5 Nd4 37. Nxh7 Ne2+ 38. Kf1 Nc3 39. Nf6+
Kf8 40. Nd7+ Ke7 41. Ne5+ Kd6 42. Nxg6 Ra4 43. Rxa4 bxa4 44. h4 Nxa2 45. h5 a3
46. h6 Nc3 47. h7 a2 48. h8=Q a1=Q+ 49. Kg2 Qa5 50. Qf8+ Kd5 51. Nf4+ Ke5 52.
Qb8+ Kf6 53. Qh8+ Ke7 54. Qc8 e5 55. Qxc3 1-0

[Event "N�-LL 2005/06"]
[Site "?"]
[Date "2006.04.02"]
[Round "12"]
[White "Hangweyrer, Manfred"]
[Black "Rumpl, Erwin"]
[Result "1/2-1/2"]
[WhiteElo "2327"]
[BlackElo "2290"]
[Annotator "Amstetten : Stockerau"]
[PlyCount "122"]
[EventDate "2005.09.27"]
[SourceDate "2006.04.05"]

1. e4 c5 2. Nc3 Nc6 3. f4 g6 4. Nf3 Bg7 5. Bb5 Nd4 6. O-O Nxb5 7. Nxb5 Nf6 8.
Nc3 O-O 9. d3 d5 10. e5 Ne8 11. d4 cxd4 12. Qxd4 Nc7 13. Be3 b6 14. Qd2 Ba6 15.
Rfd1 f6 16. Bd4 Ne6 17. exf6 Nxd4 18. Qxd4 Bxf6 19. Qe3 Bxc3 20. Qe6+ Kh8 21.
bxc3 Qd6 22. Ng5 Qxe6 23. Nxe6 Rfc8 24. Rxd5 Bc4 25. Re5 Bxe6 26. Rxe6 Rc7 27.
Rae1 Rac8 28. Rxe7 Rxe7 29. Rxe7 a5 30. Re3 Rc4 31. g3 Ra4 32. Re6 Rxa2 33.
Rxb6 a4 34. Ra6 Rxc2 35. Rxa4 Rxc3 36. Kg2 Rc7 37. Kf3 Kg7 38. h3 h5 39. Re4
Rc1 40. g4 hxg4+ 41. hxg4 Rc3+ 42. Re3 Rc4 43. Re7+ Kf8 44. Rd7 Ra4 45. Ke3 Rb4
46. Rd4 Rb1 47. Ke4 Re1+ 48. Kf3 Kf7 49. Rd7+ Kf8 50. Ra7 Kg8 51. Kg3 Rh1 52.
f5 gxf5 53. gxf5 Rb1 54. Kf4 Rb5 55. Kg5 Rb6 56. Re7 Kf8 57. Rd7 Ra6 58. Rh7
Kg8 59. Rh4 Kg7 60. Rd4 Kf8 61. f6 Ra1 1/2-1/2

[Event "N�-LL 2005/06"]
[Site "?"]
[Date "2006.04.02"]
[Round "12"]
[White "Wadsack, Wolfgang"]
[Black "Gr�tz, Harald"]
[Result "0-1"]
[WhiteElo "2219"]
[BlackElo "2296"]
[Annotator "Amstetten : Stockerau"]
[PlyCount "130"]
[EventDate "2005.09.27"]
[SourceDate "2006.04.05"]

1. e4 g6 2. d4 Bg7 3. c3 c6 4. Bd3 d5 5. Nd2 Nh6 6. h4 a5 7. h5 Bg4 8. Be2 Qd7
9. hxg6 fxg6 10. Nb3 Bxe2 11. Qxe2 Nf7 12. Nc5 Qc8 13. exd5 cxd5 14. Ne6 Bf6
15. Qb5+ Nc6 16. Qxd5 a4 17. Bf4 Ra5 18. Qc4 b5 19. Nc7+ Qxc7 20. Qxf7+ Kxf7
21. Bxc7 Ra7 22. Bf4 a3 23. bxa3 Rxa3 24. Ne2 b4 25. Bc1 Ra7 26. Bb2 h5 27. Kd2
Rha8 28. cxb4 Nxb4 29. a3 Nd5 30. Rhb1 Rb7 31. Bc1 Rxb1 32. Rxb1 Bg5+ 33. Kd3
Bxc1 34. Rxc1 Rxa3+ 35. Kc4 e6 36. Rc2 Ra4+ 37. Kb5 Rb4+ 38. Kc5 Rb8 39. Ra2
Kf6 40. Ng3 Rc8+ 41. Kd6 Nc3 42. Ra6 h4 43. Kd7 hxg3 44. Kxc8 gxf2 45. Ra1 Kf5
46. Rf1 Ne4 47. Kd7 Nf6+ 48. Ke7 Ng4 49. Kf7 e5 50. dxe5 Nxe5+ 51. Kg7 Ng4 52.
g3 Kg5 53. Kf7 Kf5 54. Kg7 g5 55. Kh7 Nf6+ 56. Kh6 Ne4 57. Kg7 Kg4 58. Kg6 Kxg3
59. Kf5 Kf3 60. Ra1 g4 61. Ra3+ Kg2 62. Ra2 g3 63. Kxe4 Kg1 64. Kf3 f1=Q+ 65.
Kxg3 Qd3+ 0-1

[Event "N�-LL 2005/06"]
[Site "?"]
[Date "2006.04.02"]
[Round "12"]
[White "Batyte, Daiva"]
[Black "Gugler, Edgar"]
[Result "1/2-1/2"]
[WhiteElo "2180"]
[BlackElo "2166"]
[Annotator "Amstetten : Stockerau"]
[PlyCount "110"]
[EventDate "2005.09.27"]
[SourceDate "2006.04.05"]

1. c4 c6 2. g3 Nf6 3. Bg2 d5 4. Nf3 g6 5. b3 Bg7 6. Bb2 O-O 7. O-O Bg4 8. Ne5
Nfd7 9. Nd3 dxc4 10. bxc4 e5 11. Nc3 Na6 12. Ba3 Re8 13. Rb1 Nb6 14. c5 Qxd3
15. exd3 Bxd1 16. Rfxd1 Bf8 17. Ne4 Red8 18. Rb3 Nd7 19. Rxb7 Ndxc5 20. Bxc5
Nxc5 21. Nxc5 Bxc5 22. Bxc6 Rd6 23. Bb5 Rf6 24. Rf1 Rd8 25. Rc7 Bb6 26. Rc2
Rdd6 27. Kg2 Kg7 28. f3 h5 29. h4 Rd5 30. a4 Rfd6 31. Rb1 Rd8 32. Rc6 R5d6 33.
Rxd6 Rxd6 34. Bc4 Rc6 35. Rb5 Rc5 36. Rb1 Rc7 37. Kf1 Rc5 38. Ke2 Rc7 39. a5
Bxa5 40. Rb5 Bb6 41. Rxe5 Kf6 42. Rd5 Re7+ 43. Kf1 Rc7 44. g4 hxg4 45. fxg4 Rc5
46. Rd6+ Ke7 47. Rd5 Rxd5 48. Bxd5 a5 49. Bb3 f5 50. g5 Bc7 51. Kg2 Bf4 52. Kf2
Bxd2 53. Ba4 Bc3 54. Bb3 Kf8 55. Ba4 Ke7 1/2-1/2

[Event "N�-LL 2005/06"]
[Site "?"]
[Date "2006.04.02"]
[Round "12"]
[White "Wadsack, Winfried"]
[Black "Schmid, Thomas"]
[Result "0-1"]
[WhiteElo "2119"]
[BlackElo "2085"]
[Annotator "Amstetten : Stockerau"]
[PlyCount "120"]
[EventDate "2005.09.27"]
[SourceDate "2006.04.05"]

1. e4 c5 2. c3 d5 3. exd5 Qxd5 4. d4 Nf6 5. Nf3 Bg4 6. Be2 e6 7. h3 Bh5 8. O-O
Nc6 9. Be3 cxd4 10. cxd4 Bb4 11. a3 Ba5 12. Nc3 Qd6 13. Nb5 Qd5 14. b4 Bb6 15.
Nc3 Qd6 16. Nb5 Qb8 17. Qd2 Nd5 18. Nc3 Nxc3 19. Qxc3 O-O 20. Rfe1 Rd8 21. Ne5
Nxd4 22. Bxh5 Qxe5 23. Bxd4 Bxd4 24. Qf3 Qf6 25. Ra2 g6 26. Qxf6 Bxf6 27. Bf3
Rd7 28. Rc1 Rad8 29. a4 Bg7 30. Rac2 Bh6 31. Rb1 f5 32. Re1 Kf7 33. b5 Bd2 34.
Rd1 Ba5 35. Rxd7+ Rxd7 36. Be2 Rd4 37. Rc4 Rd2 38. Kf1 Bb6 39. f4 Kf6 40. Bf3
Rd7 41. Ke2 Ba5 42. g4 Rd2+ 43. Kf1 Rd7 44. Kg2 Ke7 45. Kf1 Rc7 46. Rxc7+ Bxc7
47. gxf5 gxf5 48. Bxb7 Bxf4 49. Ke2 Bc7 50. Kf3 Kf6 51. Bc6 e5 52. Bd5 e4+ 53.
Ke3 Ke5 54. Bg8 h6 55. Bc4 f4+ 56. Kf2 f3 57. b6 Bxb6+ 58. Kg3 Kf5 59. Bb5 Bc7+
60. Kf2 Kf4 0-1

[Event "N�-LL 2005/06"]
[Site "?"]
[Date "2006.04.02"]
[Round "12"]
[White "Heimberger, Reinhard"]
[Black "Trkulja, Zoran"]
[Result "1-0"]
[WhiteElo "2268"]
[BlackElo "2226"]
[Annotator "Korneuburg : B�hlerwerk"]
[PlyCount "93"]
[EventDate "2005.09.27"]
[SourceDate "2006.04.07"]

1. d4 Nf6 2. Nf3 c5 3. c3 b6 4. g3 Bb7 5. Bg2 e6 6. O-O Be7 7. dxc5 bxc5 8. c4
O-O 9. Nc3 Ne4 10. Nxe4 Bxe4 11. Ne1 Bxg2 12. Nxg2 Nc6 13. Be3 Qb6 14. Rb1 Qa6
15. b3 Rfd8 16. Nf4 Ne5 17. Qc2 Qc6 18. Rbc1 Rac8 19. Bd2 f5 20. Bc3 Ng4 21.
Nh5 g6 22. f3 Nh6 23. Bf6 Re8 24. Qd2 Nf7 25. Bxe7 Rxe7 26. Nf6+ Kg7 27. Qc3 e5
28. Nd5 Re6 29. e4 fxe4 30. fxe4 Nh6 31. Rf3 Rf8 32. Rcf1 Rxf3 33. Qxf3 Re8 34.
g4 Qe6 35. Nc7 Qe7 36. Qf6+ Kg8 37. Nxe8 Qxe8 38. h3 Nf7 39. Rd1 Nd8 40. Qd6
Nf7 41. Qxd7 Qb8 42. Rf1 Ng5 43. Qd5+ Kg7 44. Kg2 Qc7 45. Rd1 Nf7 46. Qd7 Qa5
47. Rf1 1-0

[Event "N�-LL 2005/06"]
[Site "?"]
[Date "2006.04.02"]
[Round "12"]
[White "Stanivukovic, Drago"]
[Black "Loidl, Florian"]
[Result "0-1"]
[WhiteElo "2080"]
[BlackElo "2132"]
[Annotator "Korneuburg : B�hlerwerk"]
[PlyCount "86"]
[EventDate "2005.09.27"]
[SourceDate "2006.04.07"]

1. e4 c5 2. Nf3 d6 3. d4 cxd4 4. Nxd4 Nf6 5. Nc3 g6 6. Be2 Bg7 7. Be3 Qa5 8. f3
Nc6 9. Nb3 Qc7 10. Qd2 Be6 11. O-O O-O 12. Nd5 Bxd5 13. exd5 Ne5 14. c3 a5 15.
Rad1 a4 16. Nc1 Rfc8 17. a3 Ra5 18. c4 Raa8 19. c5 dxc5 20. f4 Neg4 21. Bf3
Nxe3 22. Qxe3 Ne8 23. Qd2 Nd6 24. Qe2 c4 25. Kh1 Qb6 26. Rd2 Rc7 27. Na2 Bd4
28. Rc2 Ra5 29. Nc3 Bxc3 30. Rxc3 Rb5 31. Rc2 Rb3 32. Rfc1 Qe3 33. Qxe3 Rxe3
34. Kg1 b5 35. Kf2 Rb3 36. Re1 Kf8 37. g4 c3 38. bxc3 Rcxc3 39. Rxc3 Rxc3 40.
Re3 Rxe3 41. Kxe3 b4 42. Kd3 bxa3 43. Kc2 Nc4 0-1